00447nam a22001457a 4500020001800000082001600018100002800034245004400062260002300106300000700129650002100136942000700157952012000164999001700284 a9788184656077 a261.836 PUN aPunnackad, Mathew Koshy aSilent Rhythm: Green Tales for Children aDelhibISPCKc2017 a98 aEcology-Theology cBK 001040708NFICaHMIbHMIcGENd2018-09-07eDirectorg150.00l0o261.836 PUNp11003692r2026-01-16w2026-01-16yBK c21480d21480